000 00486nam a22001697a 4500
005 20251108170527.0
008 250721s1996 xx 000 0 ara d
082 1 4 _a801.093/سوا
100 1 _aالسواح، فراس
245 1 0 _aجلجامش :
_bملحمة الرافدين الخالدة /
264 1 _aدمشق :
_bدار علاء الدين،
_c1996.
300 _a268ص
650 1 7 _aالأدب
650 1 7 _aالأدب القصصي
942 _2ddc
_cBK
999 _c42700
_d42700